Geometrías no euclidianas : exposición histórico crítica de su desarrollo /
Guardado en:
| Autor Principal: | |
|---|---|
| Otros Autores: | |
| Formato: | Libro |
| Idioma: | Spanish Italian |
| Publicado: |
Buenos Aires :
Espasa-Calpe Argentina,
c1945.
|
| Series: | Colección Historia y filosofía de la ciencia
|
| Etiquetas: |
Agregar Etiqueta
Sin Etiquetas, Sea el primero en etiquetar este registro!
|
| LEADER | 00680nam a22001695a 4500 | ||
|---|---|---|---|
| 001 | MAT.inmabb001610 | ||
| 008 | 031124s1945####ag############000#0#spa#d | ||
| 005 | 20130222104155.0 | ||
| 245 | 1 | 0 | |a Geometrías no euclidianas : |b exposición histórico crítica de su desarrollo / |c Roberto Bonola ; traducción del italiano por Luis Gutiérrez del Arroyo ; nota de José Ortega y Gasset. |
| 260 | |a Buenos Aires : |b Espasa-Calpe Argentina, |c c1945. | ||
| 300 | |a 224 p. ; |c 21 cm. | ||
| 440 | 0 | |a Colección Historia y filosofía de la ciencia | |
| 100 | 1 | |a Bonola, Roberto. | |
| 700 | 1 | |a Ortega y Gasset, José. | |
| 084 | |a 51-03 |2 msc2000 | ||
| 041 | 1 | |a spa |h ita | |
| 859 | |h 51 |i B719 |p A-2007 |b BIB. MATEMATICA | ||
